| 000 | 00372nam a22001457a 4500 | ||
|---|---|---|---|
| 003 | OSt | ||
| 005 | 20160520092209.0 | ||
| 008 | 160520b xxu||||| |||| 00| 0 eng d | ||
| 020 | _a0-8147-3080-9 | ||
| 040 | _cN/A | ||
| 100 | _aNANCY RULE GOLDBERGER | ||
| 245 | _a THE CULTURE AND PSYCHOLOGY READER | ||
| 260 |
_aUSA _bNEWYORK UNIVERSITY PRESS _c1995 |
||
| 942 |
_2lcc _cBK |
||
| 999 |
_c253890 _d253889 |
||